[Event "Caorle op"]
[Site "Caorle"]
[Date "1988.??.??"]
[Round "3"]
[White "Huss, Bengt"]
[Black "Sani, Vincenzo"]
[Result "1-0"]
[WhiteElo "2090"]
[BlackElo "1960"]
[PlyCount "75"]
[EventDate "1988.??.??"]
[EventType "swiss"]
[EventRounds "8"]
[EventCountry "ITA"]
[SourceTitle "EXT 1999"]
[Source "ChessBase"]
[SourceDate "1998.11.16"]
[SourceVersion "1"]
[SourceVersionDate "1998.11.16"]
[SourceQuality "1"]

1. d4 d5 2. Nf3 Nf6 3. Bf4 c5 4. c3 e6 5. e3 b6 6. Bd3 Bb7 7. 0-0 Ne4 8. Bxb8 Qxb8 9. Qa4+ Kd8 10. Bxe4 dxe4 11. Ne5 Qc7 12. Rd1 c4 13. Qxc4 Rc8 14. b3 Qe7 15. Qe2 f6 16. Nc4 Qc7 17. a4 Ba6 18. Nba3 Bxa3 19. Rxa3 Ke7 20. Qg4 Kf7 21. Qxe4 Bxc4 22. bxc4 Qd6 23. c5 bxc5 24. Rb3 Rc7 25. Rdb1 f5 26. Qf3 cxd4 27. cxd4 Kf6 28. g3 Rhc8 29. Rb7 Rc1+ 30. Kg2 Qa6 31. R1b5 g5 32. Qh5 Qc6+ 33. d5 Qe8 34. Qxh7 exd5 35. Qg7+ Ke6 36. Rxa7 R1c6 37. Qxg5 Kd6 38. Qf4+ 1-0

[Event "Caorle op"]
[Site "Caorle"]
[Date "1988.??.??"]
[Round "7"]
[White "Sani, Vincenzo"]
[Black "Gigerl, Erich"]
[Result "1/2-1/2"]
[WhiteElo "1960"]
[BlackElo "2225"]
[PlyCount "104"]
[EventDate "1988.??.??"]
[EventType "swiss"]
[EventRounds "8"]
[EventCountry "ITA"]
[SourceTitle "EXT 1999"]
[Source "ChessBase"]
[SourceDate "1998.11.16"]
[SourceVersion "1"]
[SourceVersionDate "1998.11.16"]
[SourceQuality "1"]

1. c4 c5 2. g3 Nc6 3. Bg2 g6 4. Nc3 Bg7 5. Nf3 e5 6. d3 d6 7. 0-0 Nge7 8. Nh4 0-0 9. Nd5 Nxd5 10. cxd5 Ne7 11. e4 f5 12. f4 h6 13. Nf3 exf4 14. gxf4 Kh7 15. Qb3 Rb8 16. e5 dxe5 17. Nxe5 b6 18. Be3 Bb7 19. Nc6 Bxc6 20. dxc6 Qd6 21. Rac1 Rbc8 22. d4 cxd4 23. Rfd1 Nxc6 24. Bxc6 Rxc6 25. Rxc6 Qxc6 26. Bxd4 Bxd4+ 27. Rxd4 Qc5 28. Qc4 Qxc4 29. Rxc4 Kg7 30. Kf2 g5 31. h3 Rf7 32. Rc6 Rd7 33. fxg5 hxg5 34. Ke2 Rd4 35. Rc7+ Kf6 36. Rxa7 Ke5 37. Rb7 Rh4 38. Rxb6 Rxh3 39. a4 g4 40. a5 Rh2+ 41. Kf1 f4 42. Rb5+ Kf6 43. a6 f3 44. Rb3 Rh8 45. Kf2 Ke5 46. a7 Ra8 47. Ra3 Kd4 48. Ra4+ Kc5 49. Rxg4 Rxa7 50. Kxf3 Rb7 51. Rg2 Kc4 52. Ke3 Kb3 1/2-1/2

[Event "Caorle op"]
[Site "Caorle"]
[Date "1988.??.??"]
[Round "2"]
[White "Sani, Vincenzo"]
[Black "Van de Berkmortel, Theo"]
[Result "0-1"]
[WhiteElo "1960"]
[BlackElo "2200"]
[PlyCount "72"]
[EventDate "1988.??.??"]
[EventType "swiss"]
[EventRounds "8"]
[EventCountry "ITA"]
[SourceTitle "EXT 1999"]
[Source "ChessBase"]
[SourceDate "1998.11.16"]
[SourceVersion "1"]
[SourceVersionDate "1998.11.16"]
[SourceQuality "1"]

1. c4 e5 2. Nc3 d6 3. Nf3 f5 4. d4 e4 5. Ng5 h6 6. Nh3 g5 7. e3 Nf6 8. Be2 Be6 9. b4 Bg7 10. Qc2 0-0 11. d5 Bf7 12. f3 exf3 13. gxf3 Qd7 14. Bd3 Bg6 15. Nf2 c6 16. Rb1 cxd5 17. cxd5 Rc8 18. Qb3 Bh5 19. Be2 Ng4 20. Nb5 Nxf2 21. Kxf2 a6 22. Nd4 Bxd4 23. exd4 Qg7 24. Qe3 Re8 25. Qd3 f4 26. Qc3 Nd7 27. h4 Rac8 28. Qd2 Bg6 29. Rb2 Nf6 30. hxg5 hxg5 31. Rg1 Qh6 32. b5 Qh4+ 33. Kg2 Qg3+ 34. Kf1 Qh3+ 35. Kf2 Qh2+ 36. Rg2 Rxe2+ 0-1